000 00467nam a2200181Ia 4500
001 20739
005 20260306172827.0
008 260306t2016||||xx |||||||||||||| ||spa||
041 _aESP
082 _a343.8
_bA47
100 _aAlva Matteucci, Mario
_eAUT
245 0 _aTratamiento tributario de las empresas constructoras e inmobiliarias
260 _c2016
300 _a381 páginas :
_c25 cm.
650 _aGEN
654 _aCDE
942 _cLIB
_dJUS
_fJUS
_2ddc
_n
999 _c20739
_d20739